000 00790nam a2200241Ia 4500
003 OSt
005 20220923222102.0
006 a|||||r|||| 00| 0
007 ta
008 220922b |||||||| |||| 00| 0 hin d
024 _a202,945
037 _cTextual
040 _aARTS
_cARTS
_bhin
041 _2hin
_ahin
082 _aO157,3N27,1, 152L2
100 _aधनंजय, राय तरुन, उपनाम्
_9165883
245 0 _aनमक का पुतला सागर में
246 _aNamak kā putalā sāgar mean
260 _c1966
650 _aबंगाली साहित्य
_9156264
942 _hO157,3N27,1, 152L2
_cTEXL
_2CC
999 _c353746
_d353746